[Event "CZE-chT1E 2223"]
[Site "Czech Republic"]
[Date "2023.01.15"]
[Round "6.2"]
[White "Musil, Jiri"]
[Black "Delgerdalai, Bayarjavkhlan"]
[Result "0-1"]
[WhiteElo "2154"]
[BlackElo "2132"]
[PlyCount "90"]
[EventDate "2022.10.08"]
[EventType "team-tourn"]
[EventRounds "11"]
[EventCountry "CZE"]
[SourceTitle "CBM 213 Extra"]
[Source "ChessBase"]
[SourceDate "2023.05.31"]
[SourceVersion "1"]
[SourceVersionDate "2023.05.31"]
[SourceQuality "1"]
[WhiteTeam "Jundrov Jezdci"]
[BlackTeam "Stare Mesto"]
[WhiteTeamCountry "CZE"]
[BlackTeamCountry "CZE"]

1. Nf3 d5 2. c4 d4 3. g3 Nc6 4. Bg2 e5 5. d3 Nf6 6. 0-0 Bc5 7. Na3 0-0 8. Nc2 Re8 9. Rb1 a5 10. b3 Qe7 11. Bg5 h6 12. Bxf6 Qxf6 13. Nd2 Qe7 14. e4 dxe3 15. fxe3 Nb4 16. Bd5 Rf8 17. d4 exd4 18. exd4 Nxc2 19. Qxc2 Bxd4+ 20. Kh1 c6 21. Rbe1 Qd8 22. Bg2 Be6 23. Nf3 Bf6 24. Rd1 Qb6 25. Nd2 Be7 26. a4 Rad8 27. Ne4 Qe3 28. Rfe1 Rxd1 29. Qxd1 Qb6 30. Qc2 Qb4 31. Rd1 b5 32. axb5 cxb5 33. Bf1 Rc8 34. Nd2 a4 35. bxa4 bxc4 36. Rb1 Qc5 37. Ne4 Qa3 38. Nc3 Bf6 39. Nb5 Qc5 40. Bg2 c3 41. Be4 Bd5 42. Re1 Re8 43. Kg2 Rxe4 44. Rxe4 Bxe4+ 45. Qxe4 c2 0-1

[Event "CZE-chT2E 2122"]
[Site "Czech Republic"]
[Date "2021.12.05"]
[Round "4.3"]
[White "Musil, Jiri"]
[Black "Kocian, Miroslav"]
[Result "0-1"]
[WhiteElo "2169"]
[BlackElo "2028"]
[PlyCount "90"]
[EventDate "2021.10.17"]
[EventType "team-tourn"]
[EventRounds "11"]
[EventCountry "CZE"]
[SourceTitle "EXT 2024"]
[Source "ChessBase"]
[SourceDate "2023.10.10"]
[SourceVersion "1"]
[SourceVersionDate "2023.10.10"]
[SourceQuality "1"]
[WhiteTeam "Jundrov Jezdci II"]
[BlackTeam "Zlin"]
[WhiteTeamCountry "CZE"]
[BlackTeamCountry "CZE"]

1. d4 d5 2. c4 dxc4 3. Nc3 e5 4. dxe5 Qxd1+ 5. Kxd1 Be6 6. Nf3 Nc6 7. a3 h6 8. Bf4 g5 9. Bg3 Bg7 10. e3 0-0-0+ 11. Kc2 a6 12. Nd2 b5 13. a4 b4 14. Nce4 Na5 15. Rd1 Ne7 16. Nc5 h5 17. h3 Rh6 18. Nxe6 Rxe6 19. Nxc4 Rc6 20. Rxd8+ Kxd8 21. b3 Rc5 22. f4 Nd5 23. Bf2 Nb6 24. e4 Rc6 25. Bxb6 cxb6 26. Kb2 gxf4 27. Nxa5 Bxe5+ 28. Kb1 bxa5 29. Bc4 Ke7 30. Rd1 Rg6 31. Rd5 f6 32. Bf1 Rg3 33. Rxa5 Rxb3+ 34. Kc2 Rb2+ 35. Kd3 Rf2 36. Be2 b3 37. Bd1 Rxg2 38. Rxa6 Rg3+ 39. Kd2 Bc3+ 40. Ke2 b2 41. Rb6 Rxh3 42. Bc2 f3+ 43. Kd3 f2+ 44. Ke2 Bd4 45. Rb7+ Kd6 0-1

[Event "CZE-chT1E 1819"]
[Site "Czech Republic"]
[Date "2018.11.25"]
[Round "3.4"]
[White "Musil, Jiri"]
[Black "Zabystrzan, Pavel"]
[Result "1/2-1/2"]
[WhiteElo "2193"]
[BlackElo "2209"]
[PlyCount "24"]
[EventDate "2018.10.21"]
[EventType "team-tourn"]
[EventRounds "11"]
[EventCountry "CZE"]
[SourceTitle "CBM 187 Extra"]
[Source "ChessBase"]
[SourceDate "2018.11.04"]
[SourceVersion "1"]
[SourceVersionDate "2018.11.04"]
[SourceQuality "1"]
[WhiteTeam "Jundrov Jezdci"]
[BlackTeam "Orlova Slavia"]
[WhiteTeamCountry "CZE"]
[BlackTeamCountry "CZE"]

1. d4 Nf6 2. c4 c5 3. d5 b5 4. Nd2 d6 5. e4 bxc4 6. Bxc4 g6 7. b3 Bg7 8. Bb2 0-0 9. Ngf3 Ba6 10. Qe2 Bxc4 11. Nxc4 a5 12. 0-0 a4 1/2-1/2

[Event "CZE-chT2E 1718"]
[Site "Czech Republic"]
[Date "2018.01.14"]
[Round "6.2"]
[White "Musil, Jiri"]
[Black "Tajovsky, Martin"]
[Result "0-1"]
[WhiteElo "2177"]
[BlackElo "2224"]
[PlyCount "72"]
[EventDate "2017.10.15"]
[EventType "team-tourn"]
[EventRounds "11"]
[EventCountry "CZE"]
[SourceTitle "EXT 2022"]
[Source "ChessBase"]
[SourceDate "2021.10.06"]
[SourceVersion "1"]
[SourceVersionDate "2021.10.06"]
[SourceQuality "1"]
[WhiteTeam "Jundrov Jezdci"]
[BlackTeam "Kurim"]
[WhiteTeamCountry "CZE"]
[BlackTeamCountry "CZE"]

1. Nf3 Nf6 2. c4 e6 3. d4 b6 4. a3 Bb7 5. Nc3 Be7 6. d5 0-0 7. e4 d6 8. Bd3 e5 9. h3 Nbd7 10. g4 c6 11. 0-0 Rc8 12. Be3 Nc5 13. b4 Nxd3 14. Qxd3 cxd5 15. exd5 Qd7 16. Kh2 Nxg4+ 17. hxg4 Qxg4 18. Rg1 Qh5+ 19. Kg2 f5 20. Nh2 Rf6 21. f3 Qh4 22. Bf2 Rg6+ 23. Kh1 Qxf2 24. Qxf5 Rxc4 25. Rxg6 hxg6 26. Qe6+ Kf8 27. Ne4 Qh4 28. Nxd6 Bxd6 29. Qxd6+ Qe7 30. Qb8+ Rc8 31. Qxa7 Bxd5 32. Qxb6 e4 33. Qxg6 Qe5 34. Re1 Rc6 35. Ng4 Qf4 36. Qh7 Qxf3+ 0-1

[Event "EU-ch rapid"]
[Site "Katowice"]
[Date "2017.12.16"]
[Round "4"]
[White "Stupak, Kirill"]
[Black "Musil, Jiri"]
[Result "1-0"]
[WhiteElo "2588"]
[BlackElo "2182"]
[PlyCount "59"]
[EventDate "2017.12.16"]
[EventType "swiss (rapid)"]
[EventRounds "11"]
[EventCountry "POL"]
[SourceTitle "CBM 182 Extra"]
[Source "ChessBase"]
[SourceDate "2018.02.23"]
[SourceVersion "1"]
[SourceVersionDate "2018.02.23"]
[SourceQuality "1"]

1. d4 Nf6 2. c4 e6 3. g3 d5 4. Bg2 Be7 5. Nf3 0-0 6. 0-0 c6 7. Nc3 Nbd7 8. Nd2 Re8 9. e4 dxe4 10. Ndxe4 Nxe4 11. Nxe4 e5 12. d5 cxd5 13. cxd5 Nb6 14. d6 Bf8 15. Qd3 Bf5 16. Rd1 h6 17. Be3 Bh7 18. Qb5 Re6 19. d7 a6 20. Qb3 Rb8 21. Rac1 Bxe4 22. Bxe4 Nxd7 23. Bf5 Rd6 24. Rxd6 Bxd6 25. Rd1 Nf6 26. Ba7 Ra8 27. Qxb7 Ne8 28. Be4 Rc8 29. Bb6 Rb8 30. Bxd8 1-0

[Event "CZE-chT2E 1617"]
[Site "Czech Republic"]
[Date "2017.01.15"]
[Round "6.4"]
[White "Malcanek, Jan"]
[Black "Musil, Jiri"]
[Result "0-1"]
[WhiteElo "2052"]
[BlackElo "2141"]
[PlyCount "116"]
[EventDate "2016.09.10"]
[EventType "team-tourn"]
[EventRounds "11"]
[EventCountry "CZE"]
[SourceTitle "EXT 2022"]
[Source "ChessBase"]
[SourceDate "2021.10.06"]
[SourceVersion "1"]
[SourceVersionDate "2021.10.06"]
[SourceQuality "1"]
[WhiteTeam "Hostalkova"]
[BlackTeam "Brno Lokomotiva II"]
[WhiteTeamCountry "CZE"]
[BlackTeamCountry "CZE"]

1. Nf3 Nf6 2. c4 e6 3. b3 b6 4. g3 Bb7 5. Bg2 Be7 6. Bb2 0-0 7. 0-0 d6 8. d4 Nbd7 9. Nc3 Re8 10. Re1 c5 11. e4 cxd4 12. Nxd4 Qc7 13. Qe2 Rad8 14. Rad1 a6 15. h3 Bf8 16. Qe3 Nc5 17. g4 d5 18. e5 Nfe4 19. Nb1 h6 20. h4 Qxe5 21. f3 Bd6 22. fxe4 Qh2+ 23. Kf1 dxe4 24. Ne2 Qxh4 25. Rd4 Qxg4 26. b4 Nd3 27. Rxd3 exd3 28. Bxb7 dxe2+ 29. Rxe2 Qf5+ 30. Kg2 Qxb1 31. Be4 Qxa2 32. Bxg7 Qxe2+ 33. Qxe2 Kxg7 34. Kf3 Kf8 35. Bc6 Bxb4 36. Bxe8 Kxe8 37. Qe3 Bc5 38. Qxh6 a5 39. Qh8+ Kd7 40. Qf6 Rf8 41. Ke2 a4 42. Kd3 a3 43. Kc2 Be7 44. Qd4+ Kc7 45. Qf4+ Kb7 46. Qe4+ Ka7 47. Qc6 Bc5 48. Kb3 Kb8 49. Qg2 Re8 50. Ka4 Re7 51. Kb5 e5 52. Kc6 e4 53. Qg3+ Ka7 54. Qb3 e3 55. Qa4+ Kb8 56. Qc2 e2 57. Qh7 e1Q 58. Qh8+ Ka7 0-1

[Event "CZE-chT2E 1617"]
[Site "Czech Republic"]
[Date "2016.12.11"]
[Round "5.2"]
[White "Musil, Jiri"]
[Black "Kejik, Frantisek"]
[Result "1-0"]
[WhiteElo "2141"]
[BlackElo "2106"]
[PlyCount "99"]
[EventDate "2016.09.10"]
[EventType "team-tourn"]
[EventRounds "11"]
[EventCountry "CZE"]
[SourceTitle "EXT 2022"]
[Source "ChessBase"]
[SourceDate "2021.10.06"]
[SourceVersion "1"]
[SourceVersionDate "2021.10.06"]
[SourceQuality "1"]
[WhiteTeam "Brno Lokomotiva II"]
[BlackTeam "Vyskov"]
[WhiteTeamCountry "CZE"]
[BlackTeamCountry "CZE"]

1. Nf3 d5 2. c4 c6 3. d4 Nf6 4. e3 e6 5. Nc3 Be7 6. Qc2 Nbd7 7. b3 0-0 8. Bd3 a6 9. 0-0 Re8 10. Ne5 Nf8 11. Bb2 N6d7 12. f4 f5 13. g4 Nxe5 14. fxe5 fxg4 15. Qg2 Bg5 16. Rae1 Bh6 17. Ba3 Qh4 18. Re2 Ng6 19. Bxg6 hxg6 20. Nd1 b5 21. Qf2 Qxf2+ 22. Rexf2 dxc4 23. bxc4 bxc4 24. Rf8+ Rxf8 25. Rxf8+ Kh7 26. Kf2 Bg5 27. Nc3 Bh4+ 28. Ke2 a5 29. Ne4 Bb7 30. Rf4 g5 31. Rxg4 Ba6 32. Nc3 Rb8 33. Rg1 Kg6 34. Kd2 Rb7 35. Rf1 Rf7 36. Rxf7 Kxf7 37. Bc5 Kg6 38. Bb6 Kf5 39. Bxa5 Kg4 40. Bd8 Kh3 41. Ne4 Kxh2 42. Bxg5 Bxg5 43. Nxg5 Bc8 44. a4 Kg3 45. a5 Kg4 46. Nxe6 Bxe6 47. a6 Bd5 48. a7 c5 49. e6 cxd4 50. exd4 1-0

[Event "CZE-chT2E 1617"]
[Site "Czech Republic"]
[Date "2016.11.27"]
[Round "4.4"]
[White "Majer, Jiri Sr"]
[Black "Musil, Jiri"]
[Result "1/2-1/2"]
[WhiteElo "2034"]
[BlackElo "2141"]
[PlyCount "103"]
[EventDate "2016.09.10"]
[EventType "team-tourn"]
[EventRounds "11"]
[EventCountry "CZE"]
[SourceTitle "EXT 2022"]
[Source "ChessBase"]
[SourceDate "2021.10.06"]
[SourceVersion "1"]
[SourceVersionDate "2021.10.06"]
[SourceQuality "1"]
[WhiteTeam "Kurim"]
[BlackTeam "Brno Lokomotiva II"]
[WhiteTeamCountry "CZE"]
[BlackTeamCountry "CZE"]

1. d4 Nf6 2. c4 e6 3. Nf3 b6 4. g3 Ba6 5. Qa4 Be7 6. Bg2 Bb7 7. 0-0 0-0 8. Nc3 d5 9. cxd5 exd5 10. Bf4 a6 11. Rfd1 Nbd7 12. Rac1 Nh5 13. Ne5 b5 14. Qb3 Nxf4 15. gxf4 Nb6 16. Qc2 f5 17. e3 Rc8 18. Ne2 g6 19. Kh1 a5 20. Nc6 Bxc6 21. Qxc6 b4 22. Ng1 Rf6 23. Qb5 c6 24. Qd3 Nc4 25. Rc2 Qb6 26. Nf3 Bd6 27. Nd2 Nxd2 28. Rdxd2 Rc7 29. Rd1 h6 30. Rdc1 Kg7 31. Bh3 Be7 32. b3 Ra7 33. Rb1 Qc7 34. Bg2 Qd7 35. Rbc1 g5 36. fxg5 hxg5 37. Rg1 Rh6 38. f4 g4 39. Bf1 a4 40. h3 axb3 41. axb3 Kf6 42. Rh2 Bd6 43. hxg4 Rxh2+ 44. Kxh2 fxg4 45. Kg3 Qh7 46. Qxh7 Rxh7 47. Be2 Rh3+ 48. Kf2 c5 49. Bxg4 Rh2+ 50. Kg3 Rb2 51. dxc5 Bxc5 52. Rd1 1/2-1/2

[Event "CZE-chT2E 1516"]
[Site "Czech Republic"]
[Date "2016.02.21"]
[Round "8.7"]
[White "Vincze, Roman"]
[Black "Musil, Jiri"]
[Result "1/2-1/2"]
[WhiteElo "2125"]
[BlackElo "2126"]
[PlyCount "146"]
[EventDate "2015.10.18"]
[EventType "team-tourn"]
[EventRounds "11"]
[EventCountry "CZE"]
[SourceTitle "EXT 2022"]
[Source "ChessBase"]
[SourceDate "2021.10.06"]
[SourceVersion "1"]
[SourceVersionDate "2021.10.06"]
[SourceQuality "1"]
[WhiteTeam "Jihlava Gordic"]
[BlackTeam "Brno Lokomotiva II"]
[WhiteTeamCountry "CZE"]
[BlackTeamCountry "CZE"]

1. d4 Nf6 2. Bg5 d5 3. Bxf6 exf6 4. e3 Bf5 5. Nf3 Nd7 6. Be2 Bd6 7. 0-0 c6 8. b3 g5 9. c4 Bg6 10. cxd5 cxd5 11. Nc3 Qa5 12. Nb5 Bb8 13. Rc1 0-0 14. a3 a6 15. b4 Qb6 16. Nc3 Qd6 17. g3 h6 18. Qb3 Nb6 19. Rfd1 Bf5 20. Kg2 Be6 21. Nd2 f5 22. f4 f6 23. Na4 Nc8 24. Nc5 Qe7 25. Bf3 Nb6 26. a4 g4 27. Be2 Bd6 28. a5 Nc8 29. Bd3 Kg7 30. Nxe6+ Qxe6 31. e4 fxe4 32. Bxe4 Ne7 33. Re1 Rac8 34. Bd3 Qd7 35. Rxc8 Rxc8 36. b5 axb5 37. Bxb5 Qc7 38. Qe3 Qxa5 39. Bd7 Rc2 40. Re2 h5 41. Nf1 Qa2 42. Kf2 Nc6 43. Bxc6 Rxe2+ 44. Qxe2 Qxe2+ 45. Kxe2 bxc6 46. Ne3 Kf7 47. Kf2 Ke6 48. Kg2 f5 49. h3 c5 50. hxg4 hxg4 51. Nc2 cxd4 52. Nxd4+ Kf6 53. Kf1 Bc5 54. Nc6 Ke6 55. Ke2 Kd6 56. Ne5 Bd4 57. Nd3 Bc3 58. Ke3 Kc6 59. Ke2 Kb5 60. Ke3 Kc4 61. Ne5+ Bxe5 62. fxe5 d4+ 63. Kf4 d3 64. e6 d2 65. e7 d1Q 66. e8Q Qf3+ 67. Kg5 Kd4 68. Qd7+ Ke3 69. Qa7+ Ke2 70. Qa2+ Kf1 71. Qc2 Qe3+ 72. Kxf5 Qxg3 73. Qc4+ Kg2 1/2-1/2

[Event "CZE-chT2E 1516"]
[Site "Czech Republic"]
[Date "2015.12.06"]
[Round "4.8"]
[White "Musil, Jiri"]
[Black "Skorepa, Tomas"]
[Result "0-1"]
[WhiteElo "2126"]
[BlackElo "2015"]
[PlyCount "102"]
[EventDate "2015.10.18"]
[EventType "team-tourn"]
[EventRounds "11"]
[EventCountry "CZE"]
[SourceTitle "EXT 2022"]
[Source "ChessBase"]
[SourceDate "2021.10.06"]
[SourceVersion "1"]
[SourceVersionDate "2021.10.06"]
[SourceQuality "1"]
[WhiteTeam "Brno Lokomotiva II"]
[BlackTeam "Jihlava Silko Gambit"]
[WhiteTeamCountry "CZE"]
[BlackTeamCountry "CZE"]

1. d4 d5 2. c4 c6 3. Nf3 Nf6 4. e3 e6 5. Bd3 dxc4 6. Bxc4 b5 7. Bd3 Nbd7 8. 0-0 Bb7 9. e4 a6 10. e5 Nd5 11. Ng5 Be7 12. Qh5 g6 13. Qh6 Bf8 14. Qh3 c5 15. Qf3 Qe7 16. Ne4 Qd8 17. Bg5 Qb6 18. Nbc3 c4 19. Nxd5 Bxd5 20. Nf6+ Nxf6 21. Qxf6 Rg8 22. Bc2 h6 23. Be3 g5 24. Bh7 Bg7 25. Bxg8 Bxf6 26. exf6 Qd8 27. Bh7 Qxf6 28. a4 b4 29. a5 Qe7 30. Bc2 Qb7 31. f3 b3 32. Bb1 Qb4 33. Rc1 Rc8 34. Rc3 Rb8 35. Bd2 f5 36. Rd3 Qd6 37. Re3 Kf7 38. Bc3 Qc6 39. Re2 h5 40. Rf2 Ke7 41. Bd2 Rg8 42. Re2 Kd7 43. Bb4 Rg7 44. Bd2 h4 45. h3 g4 46. hxg4 Bxf3 47. gxf3 Qxf3 48. Rg2 Rxg4 49. Rxg4 Qxg4+ 50. Kf1 Qd1+ 51. Be1 Qf3+ 0-1

[Event "Brno op"]
[Site "Brno"]
[Date "2015.08.23"]
[Round "1"]
[White "Krajicek, Filip"]
[Black "Musil, Jiri"]
[Result "0-1"]
[WhiteElo "1663"]
[BlackElo "2122"]
[PlyCount "82"]
[EventDate "2015.08.23"]
[EventType "swiss"]
[EventRounds "9"]
[EventCountry "CZE"]
[SourceTitle "EXT 2016"]
[Source "ChessBase"]
[SourceDate "2015.10.08"]
[SourceVersion "1"]
[SourceVersionDate "2015.10.08"]
[SourceQuality "1"]

1. d4 Nf6 2. Nf3 e6 3. Bf4 b6 4. e3 Bb7 5. Bd3 Be7 6. c3 Nh5 7. Bg3 f5 8. Nbd2 0-0 9. 0-0 c5 10. dxc5 bxc5 11. Qb3 Nxg3 12. hxg3 Qc7 13. Rfe1 d5 14. c4 Nd7 15. Qc2 g6 16. Rac1 a5 17. cxd5 exd5 18. Nd4 Qb6 19. Nxf5 gxf5 20. Bxf5 Nf6 21. e4 dxe4 22. Nxe4 Nxe4 23. Bxe4 Bxe4 24. Rxe4 Bf6 25. Qxc5 Qxb2 26. Qc4+ Kh8 27. Re2 Qb4 28. Qxb4 axb4 29. Rc7 Kg8 30. Rb7 Rfb8 31. Rxb8+ Rxb8 32. Kh2 Kf7 33. Kh3 Rd8 34. Kg4 Bc3 35. f4 Rd2 36. Rxd2 Bxd2 37. Kf5 Bc1 38. g4 h6 39. g5 hxg5 40. Kxg5 Ke6 41. g4 Bd2 0-1

[Event "CZE-chT2E 1213"]
[Site "Czech Republic"]
[Date "2013.02.03"]
[Round "8.7"]
[White "Krena, Bohuslav"]
[Black "Musil, Jiri"]
[Result "1-0"]
[WhiteElo "1901"]
[BlackElo "2099"]
[PlyCount "45"]
[EventDate "2012.10.14"]
[EventType "team-tourn"]
[EventRounds "11"]
[EventCountry "CZE"]
[SourceTitle "EXT 2016"]
[Source "ChessBase"]
[SourceDate "2015.10.08"]
[SourceVersion "1"]
[SourceVersionDate "2015.10.08"]
[SourceQuality "1"]
[WhiteTeam "Kurim"]
[BlackTeam "Brno Lokomotiva"]
[WhiteTeamCountry "CZE"]
[BlackTeamCountry "CZE"]

1. c4 e6 2. e4 c5 3. Nc3 Nc6 4. Nf3 d6 5. d4 cxd4 6. Nxd4 Nf6 7. Be2 Be7 8. 0-0 0-0 9. Bf3 Bd7 10. b3 a6 11. Ba3 Qa5 12. Bb2 Rac8 13. Re1 Rfd8 14. g3 b5 15. cxb5 Nxd4 16. Qxd4 axb5 17. e5 dxe5 18. Rxe5 Bb4 19. Ne4 Be7 20. Rg5 Kf8 21. Rxg7 Bc6 22. Nxf6 Rxd4 23. Rg8# 1-0

[Event "CZE-chT2E 1213"]
[Site "Czech Republic"]
[Date "2013.01.06"]
[Round "6.7"]
[White "Musil, Jiri"]
[Black "Kuchynka, Lubos"]
[Result "1/2-1/2"]
[WhiteElo "2099"]
[BlackElo "2005"]
[PlyCount "74"]
[EventDate "2012.10.14"]
[EventType "team-tourn"]
[EventRounds "11"]
[EventCountry "CZE"]
[SourceTitle "EXT 2016"]
[Source "ChessBase"]
[SourceDate "2015.10.08"]
[SourceVersion "1"]
[SourceVersionDate "2015.10.08"]
[SourceQuality "1"]
[WhiteTeam "Brno Lokomotiva"]
[BlackTeam "Hustopece"]
[WhiteTeamCountry "CZE"]
[BlackTeamCountry "CZE"]

1. d4 Nf6 2. c4 g6 3. Nc3 d5 4. cxd5 Nxd5 5. e4 Nxc3 6. bxc3 Bg7 7. Nf3 c5 8. Rb1 0-0 9. Be2 Nc6 10. d5 Ne5 11. Nxe5 Bxe5 12. Qd2 a6 13. f4 Bc7 14. 0-0 b5 15. c4 e6 16. Bb2 Re8 17. Qc3 f6 18. Qxf6 Qxf6 19. Bxf6 exd5 20. cxd5 Rxe4 21. Bf3 Rxf4 22. d6 Rxf6 23. Bxa8 Rxd6 24. Rbd1 Rxd1 25. Rxd1 c4 26. Kf2 c3 27. Kf3 Kf7 28. Rd5 Be6 29. Rc5 Bxh2 30. Rxc3 b4 31. Rc5 Bd6 32. Ra5 Bc8 33. Bd5+ Ke7 34. Bc4 Bc7 35. Rxa6 Bxa6 36. Bxa6 Kf6 37. g4 Be5 1/2-1/2

[Event "CZE-chT2E 1213"]
[Site "Czech Republic"]
[Date "2012.11.04"]
[Round "2.7"]
[White "Musil, Jiri"]
[Black "Rehurek, Karel"]
[Result "1-0"]
[WhiteElo "2099"]
[BlackElo "1901"]
[PlyCount "75"]
[EventDate "2012.10.14"]
[EventType "team-tourn"]
[EventRounds "11"]
[EventCountry "CZE"]
[SourceTitle "EXT 2016"]
[Source "ChessBase"]
[SourceDate "2015.10.08"]
[SourceVersion "1"]
[SourceVersionDate "2015.10.08"]
[SourceQuality "1"]
[WhiteTeam "Brno Lokomotiva"]
[BlackTeam "Brno Moravska Slavia"]
[WhiteTeamCountry "CZE"]
[BlackTeamCountry "CZE"]

1. d4 Nf6 2. c4 g6 3. Nc3 d5 4. cxd5 Nxd5 5. e4 Nxc3 6. bxc3 Bg7 7. Nf3 0-0 8. Be2 c5 9. 0-0 Nc6 10. Be3 cxd4 11. cxd4 Bg4 12. d5 Ne5 13. Rb1 Nxf3+ 14. Bxf3 Bxf3 15. Qxf3 Qd7 16. Rfd1 Rfc8 17. Qe2 a6 18. Rb6 Rc3 19. Rdb1 Ra7 20. R6b4 b6 21. Rxb6 Rac7 22. Qxa6 f5 23. exf5 Qxd5 24. fxg6 hxg6 25. Rxg6 Kf7 26. Rg3 Qe4 27. Rf1 Rc2 28. a4 R7c6 29. Qb5 Be5 30. Rf3+ Kg7 31. a5 Rg6 32. Kh1 Rc8 33. Qd7 Rc7 34. Qe8 Bf6 35. Qd8 Qc6 36. Qd3 Rd7 37. Qe2 Qe4 38. Bh6+ 1-0

[Event "Brno Trade op-A 37th"]
[Site "Brno"]
[Date "2012.08.26"]
[Round "2"]
[White "Musil, Jiri"]
[Black "Strebkovs, Andrejs"]
[Result "1/2-1/2"]
[WhiteElo "2099"]
[BlackElo "2345"]
[PlyCount "97"]
[EventDate "2012.08.26"]
[EventType "swiss"]
[EventRounds "9"]
[EventCountry "CZE"]
[SourceTitle "CBM 150 Extra"]
[Source "ChessBase"]
[SourceDate "2012.10.19"]
[SourceVersion "1"]
[SourceVersionDate "2012.10.19"]
[SourceQuality "1"]

1. d4 d6 2. Nf3 g6 3. e4 Bg7 4. c4 Bg4 5. Be2 Nc6 6. Be3 Bxf3 7. Bxf3 e5 8. d5 Nd4 9. Na3 c5 10. Qa4+ Kf8 11. b4 a6 12. bxc5 dxc5 13. Bxd4 exd4 14. Rb1 Rb8 15. 0-0 Ne7 16. Nc2 Be5 17. Ne1 Qc7 18. g3 g5 19. Nd3 Bd6 20. Bh5 Rg8 21. e5 Bxe5 22. Nxe5 Qxe5 23. Qd7 Ng6 24. Rfe1 Qf6 25. Qc7 Kg7 26. Bxg6 hxg6 27. Qxc5 Rbc8 28. Qb6 Rxc4 29. Qxf6+ Kxf6 30. Rxb7 d3 31. Rb6+ Kg7 32. Rd1 Rd4 33. Rxa6 Rxd5 34. Ra3 Rgd8 35. f3 Kf6 36. Kf2 Rh8 37. Kg2 Rhd8 38. Kf2 Kf5 39. Rd2 g4 40. fxg4+ Kxg4 41. Ra4+ Kg5 42. h4+ Kf6 43. Rf4+ Ke6 44. a4 f5 45. Rb4 Kf6 46. Rb3 Rd4 47. a5 Ke5 48. Ke3 Re4+ 49. Kf3 1/2-1/2

[Event "Brno Trade op-A 37th"]
[Site "Brno"]
[Date "2012.08.26"]
[Round "1"]
[White "Pribyl, Radek"]
[Black "Musil, Jiri"]
[Result "0-1"]
[WhiteElo "1713"]
[BlackElo "2099"]
[PlyCount "70"]
[EventDate "2012.08.26"]
[EventType "swiss"]
[EventRounds "9"]
[EventCountry "CZE"]
[SourceTitle "CBM 150 Extra"]
[Source "ChessBase"]
[SourceDate "2012.10.19"]
[SourceVersion "1"]
[SourceVersionDate "2012.10.19"]
[SourceQuality "1"]

1. e4 c5 2. Nf3 d6 3. d4 cxd4 4. Nxd4 Nf6 5. Nc3 a6 6. h3 e6 7. Be3 b5 8. a3 Bb7 9. Bd3 Nbd7 10. 0-0 Rc8 11. Qd2 Be7 12. Rad1 0-0 13. Rfe1 Nc5 14. Bg5 Qb6 15. Nb3 Nxd3 16. cxd3 h6 17. Bxh6 gxh6 18. Qxh6 Nh7 19. Re3 Kh8 20. h4 Rg8 21. Rf3 Rg7 22. Kf1 b4 23. axb4 Qxb4 24. Nd2 Qxb2 25. Rb1 Qxc3 26. Rxb7 Bf8 27. Nc4 Rxc4 28. dxc4 Qxc4+ 29. Kg1 Rxg2+ 30. Kxg2 Bxh6 31. Rfxf7 Qxe4+ 32. f3 Qc2+ 33. Kh3 Nf8 34. Rf6 Bg7 35. Rff7 Qg6 0-1

[Event "CZE-chT2D 1112"]
[Site "Czech Republic"]
[Date "2012.02.19"]
[Round "8"]
[White "Musil, Jiri"]
[Black "Hlavnicka, Jiri"]
[Result "1-0"]
[WhiteElo "1976"]
[BlackElo "2243"]
[PlyCount "123"]
[EventDate "2011.10.09"]
[EventType "team-tourn"]
[EventRounds "11"]
[EventCountry "CZE"]
[SourceTitle "EXT 2013"]
[Source "ChessBase"]
[SourceDate "2012.11.22"]
[SourceVersion "1"]
[SourceVersionDate "2012.11.22"]
[SourceQuality "1"]
[WhiteTeam "Brno Lokomotiva"]
[BlackTeam "Pardubice AKIS"]
[WhiteTeamCountry "CZE"]
[BlackTeamCountry "CZE"]

1. d4 Nf6 2. c4 e6 3. Nf3 d5 4. Nc3 Be7 5. Bg5 0-0 6. cxd5 exd5 7. e3 c6 8. Bd3 Bg4 9. Qc2 h6 10. Bh4 Nbd7 11. h3 Bxf3 12. gxf3 Ne8 13. Bg3 Qa5 14. 0-0 Bd6 15. Rab1 Qd8 16. b4 Bxg3 17. fxg3 Qg5 18. Qf2 a6 19. h4 Qe7 20. g4 Nd6 21. Rfe1 f5 22. Qg3 fxg4 23. Qxg4 Nf6 24. Qg6 Qf7 25. Rb2 Qxg6+ 26. Bxg6 Nd7 27. Rf2 a5 28. bxa5 Rxa5 29. e4 dxe4 30. fxe4 Rxf2 31. Kxf2 Nf8 32. e5 Nc8 33. Bc2 g6 34. Bb3+ Kg7 35. Ke3 Ne7 36. Rf1 Nf5+ 37. Kd3 b5 38. h5 Ra7 39. hxg6 Kxg6 40. Ne4 Nh7 41. Nc5 Ng5 42. Kc3 b4+ 43. Kxb4 Nxd4 44. Rf6+ Kg7 45. Ba4 Nf7 46. Rf4 Ne2 47. Re4 Nc1 48. a3 Ng5 49. Re1 Na2+ 50. Kb3 Ra5 51. e6 Rxc5 52. e7 Nc1+ 53. Kb2 Nd3+ 54. Kb1 Rc1+ 55. Rxc1 Kf7 56. Rxc6 Kxe7 57. Rxh6 Ne4 58. Bc6 Nec5 59. a4 Nb4 60. Bb5 Nd5 61. Kc2 Nc7 62. Kc3 1-0

[Event "CZE-chT2D 1112"]
[Site "Czech Republic"]
[Date "2012.01.08"]
[Round "5.7"]
[White "Musil, Jiri"]
[Black "Jelinek, Milan"]
[Result "1-0"]
[WhiteElo "1976"]
[BlackElo "2069"]
[PlyCount "72"]
[EventDate "2011.10.09"]
[EventType "team-tourn"]
[EventRounds "11"]
[EventCountry "CZE"]
[SourceTitle "EXT 2013"]
[Source "ChessBase"]
[SourceDate "2012.11.22"]
[SourceVersion "1"]
[SourceVersionDate "2012.11.22"]
[SourceQuality "1"]
[WhiteTeam "Brno Lokomotiva"]
[BlackTeam "Zajecice"]
[WhiteTeamCountry "CZE"]
[BlackTeamCountry "CZE"]

1. d4 Nf6 2. c4 e6 3. Nf3 c5 4. d5 exd5 5. cxd5 d6 6. Nc3 g6 7. Bf4 a6 8. a4 Bg7 9. Nd2 0-0 10. Nc4 Ne8 11. e3 g5 12. Bg3 Bf5 13. Bd3 Bg6 14. Bxg6 hxg6 15. Qb3 b5 16. axb5 f5 17. Ne2 Ra7 18. h4 gxh4 19. Rxh4 Qe7 20. b6 Rb7 21. Na5 g5 22. Rh3 f4 23. exf4 gxf4 24. Bh4 Qd7 25. Nxb7 Qxb7 26. Bg5 Nd7 27. Bxf4 Nxb6 28. Bh6 c4 29. Qc2 Qxd5 30. Bxg7 Nxg7 31. Qh7+ Kf7 32. Rxa6 Qb7 33. Rf3+ Ke8 34. Qg6+ Rf7 35. Rxb6 Qxb6 36. Qxf7+ Kd8 1-0

[Event "CZE-chTE U20 1112"]
[Site "Czech Republic"]
[Date "2011.11.26"]
[Round "5.2"]
[White "Musil, Jiri"]
[Black "Kratochvil, Vit"]
[Result "1-0"]
[WhiteElo "1976"]
[BlackElo "1930"]
[PlyCount "71"]
[EventDate "2011.10.15"]
[EventType "team-tourn"]
[EventRounds "7"]
[EventCountry "CZE"]
[SourceTitle "EXT 2013"]
[Source "ChessBase"]
[SourceDate "2012.11.22"]
[SourceVersion "1"]
[SourceVersionDate "2012.11.22"]
[SourceQuality "1"]
[WhiteTeam "Brno Lokomotiva"]
[BlackTeam "Namest nad Oslavou"]
[WhiteTeamCountry "CZE"]
[BlackTeamCountry "CZE"]

1. d4 Nf6 2. c4 g6 3. Nc3 Bg7 4. e4 d6 5. Nf3 0-0 6. Be2 Nbd7 7. 0-0 e5 8. Be3 Re8 9. d5 Nf8 10. b4 h6 11. c5 g5 12. Nd2 Ng6 13. Rc1 Bd7 14. cxd6 cxd6 15. Nb5 Bxb5 16. Bxb5 Re7 17. f3 Nf4 18. g3 Ng6 19. a4 a6 20. Bd3 Ne8 21. Nc4 Rc8 22. Bb6 Qd7 23. Qb3 g4 24. fxg4 Qxg4 25. Ne3 Qh3 26. Nf5 Rxc1 27. Nxe7+ Nxe7 28. Rxc1 Kh7 29. b5 h5 30. bxa6 bxa6 31. Bxa6 Nf6 32. Qf3 Ng6 33. Bc8 Ng4 34. Bxg4 hxg4 35. Qxf7 Qh6 36. Rc7 1-0